| 000 | 01209nam a22002657a 4500 | ||
|---|---|---|---|
| 001 | BRCA_9353 | ||
| 003 | FranzMayer | ||
| 005 | 20230920114730.0 | ||
| 008 | 230908b |||||||| |||| 00| 0 eng d | ||
| 040 |
_aMFM _bESPAÑOL _cMFM |
||
| 050 | 0 |
_aNK9200.M6 _bF56 2023 |
|
| 100 | 1 |
_4Autora _aFlores Enríquez, Alejandra Mayela _929818 |
|
| 240 |
_aBordados hechos por mujeres _hHistoria, arte y disputa en México durante el siglo XIX _lEspañol |
||
| 245 | 0 |
_aBordados hechos por mujeres _bHistoria, arte y disputa en México durante el siglo XIX |
|
| 260 |
_aCDMX, México _bUniversidad Iberoamericana _c2023 |
||
| 300 |
_a502 p _bIlustraciones a color _c21 cm |
||
| 500 | _aAnexo investigación | ||
| 500 | _aIncluye una dedicatoria al museo Franz Mayer | ||
| 505 | _aTexto en: españolIncluye índice temáticoIncluye bibliografíaDirigido a: artistas, historiadores de arte, personas con interés en el papel de la mujer en el arte | ||
| 650 | 1 |
_2Artes decorativas _aArtesanias _vBordado _929819 |
|
| 651 | 2 |
_2Artes mexicanas _aBordados _vBordados hechos por mujeres _929820 |
|
| 700 | 1 |
_4Asesora _aGama Leyva, Mcihelle _929821 |
|
| 700 | 1 |
_4Asesora _aGalan Tames, Genevieye _929822 |
|
| 942 |
_2lcc _cTES |
||
| 999 |
_c11065 _d11065 |
||